Đề án sắp xếp tổ chức bộ máy và tinh giản biên chế tỉnh Cần Thơ

Salvato in:
Dettagli Bibliografici
Ente Autore: Ủy ban nhân dân tỉnh Cần Thơ
Natura: Libro
Lingua:Undetermined
Pubblicazione: [Cần Thơ] Ủy ban nhân dân tỉnh Cần Thơ 2000
Soggetti:
Tags: Aggiungi Tag
Nessun Tag, puoi essere il primo ad aggiungerne! !
Thư viện lưu trữ: Trung tâm Học liệu Trường Đại học Cần Thơ
LEADER 00642nam a2200181Ia 4500
001 CTU_52786
008 210402s9999 xx 000 0 und d
082 |a 351 
082 |b U523 
110 |a Ủy ban nhân dân tỉnh Cần Thơ 
245 0 |a Đề án sắp xếp tổ chức bộ máy và tinh giản biên chế tỉnh Cần Thơ 
245 0 |c Ủy ban nhân dân tỉnh Cần Thơ 
260 |a [Cần Thơ] 
260 |b Ủy ban nhân dân tỉnh Cần Thơ 
260 |c 2000 
650 |a Public administration 
904 |i H.Mai 
980 |a Trung tâm Học liệu Trường Đại học Cần Thơ